000 01084cad a22002295a 4500
001 E148954
008 091203s2009 xxkad f s 000 0 eng d
035 _a(Sirsi) u148954
041 0 _aeng
050 0 4 _a333.33 $2 18
110 2 _aJones Lang LaSalle
_93755
245 0 0 _aAsia Pacific property digest
_bthird quarter 2009
_h[electronic resource]
260 _a[S.l.]
_bJones Lang LaSalle
_c2009
490 0 _aJones Lang LaSalle Asia Pacific Property Digest
_vThird Quarter 2009
520 _aSuggests that economic recovery from the recession in the Asia Pacific region has been faster than in other areas. In terms of property, the trend is still downwards, however the bottom of the trough is in sight, and investment volumes are starting to recover.
590 _aKA
650 2 4 _aJONES LANG LASALLE ASIA PACIFIC PROPERTY DIGEST
651 4 _aAsia Pacific
690 _aPROPERTY-COMMERCIAL PROPERTY-COMMERCIAL PROPERTY MARKET
856 4 0 _uhttps://www.joneslanglasalle.com/
_zView this item free of charge after registration at www.joneslanglasalle.com/...
942 _n0
999 _c110301
_d110301